Hindī sāhitya kā sarala itihāsa / (Record no. 62034)

MARC details
000 -LEADER
fixed length control field 00566cam a22002054a 4500
001 - CONTROL NUMBER
control field sa 65001381
003 - CONTROL NUMBER IDENTIFIER
control field DLC
005 - DATE AND TIME OF LATEST TRANSACTION
control field 20260227112109.0
008 - FIXED-LENGTH DATA ELEMENTS--GENERAL INFORMATION
fixed length control field 830809s1958 ii 000 0 hino
010 ## - LIBRARY OF CONGRESS CONTROL NUMBER
LC control number sa 65001381
040 ## - CATALOGING SOURCE
Original cataloging agency DLC
Transcribing agency DLC
050 00 - LIBRARY OF CONGRESS CALL NUMBER
Classification number PK2031
Item number .V5 1958
100 0# - MAIN ENTRY--PERSONAL NAME
Personal name Virāja,
Titles and words associated with a name Ema. E.
245 10 - TITLE STATEMENT
Title Hindī sāhitya kā sarala itihāsa /
Statement of responsibility, etc. Virāja.
250 ## - EDITION STATEMENT
Edition statement 1. saṃskaraṇa.
260 ## - PUBLICATION, DISTRIBUTION, ETC.
Place of publication, distribution, etc. Dillī :
Name of publisher, distributor, etc. Neśanala Pabliśiṅga Hāusa,
Date of publication, distribution, etc. 1958.
300 ## - PHYSICAL DESCRIPTION
Extent 96 p. ;
Dimensions 18 cm.
546 ## - LANGUAGE NOTE
Language note In Hindi.
650 #0 - SUBJECT ADDED ENTRY--TOPICAL TERM
Topical term or geographic name entry element Hindi literature
Form subdivision Textbooks.

No items available.

Powered by Koha